000 01330nam1a22002891i 4500
001 rc\4151413
005 20240726093601.0
035 _a(NLR Aleph) 008170077
090 _a7848815
_c7848815
100 _a20130415d1948 |||y0rusy50 ca
101 1 _arus
_cger
102 _aRU
105 _a z |||||
200 1 _aВведение в новые методы дифференциальной геометрии
210 _aМосква
_cГос. изд-во иностр. лит.
_d1948
_g2-я тип. Изд-ва Акад. наук СССР
215 _d22
300 _aНа доп. тит. л.: Einfuhrung in die neueren Methoden der Differencialgeometrie. Von J.A. Schouten und D.J. Struik. 2-te vollst. umgearb. Aufl. 1938
300 _aПеред загл. авт.: И.А. Схоутен и Д. Дж. Стройк
513 0 _aEinfuhrung in die neueren Methoden der Differencialgeometrie
606 _aПространства (мат.) с линейным перенесением
_2psbo
606 _aДифференциальная геометрия
_xТензорные методы
_2psbo
700 1 _aСхоутен
_bЯ.А.
_f1883-1971
_gЯн Арнольдус
701 1 _aСтройк
_bД.Дж.
801 0 _aRU
_bNLR
_gpsbo
801 1 _aRU
_bELAR
_2rusmarc
852 _aNLR
_jМт02 Г-5/159
942 _cBOOK